| 000 | 00942nam a2200193Ia 4500 | ||
|---|---|---|---|
| 003 | Ost | ||
| 005 | 20260507075651.0 | ||
| 008 | 260507s9999||||xx |||||||||||||| ||und|| | ||
| 040 | _cfsecg | ||
| 041 | _aara | ||
| 082 | _a20 | ||
| 100 |
_aالصباغ، عماد عبد الوهاب _eمؤلف |
||
| 245 | 0 |
_aعلم المعلومات / _c عماد عبد الوهاب الصباغ |
|
| 260 |
_aعمان: _bدار الثقافة للنشر والتوزيع, _c2004 |
||
| 300 |
_a243 صفحة؛ _bإيضاحات ؛ _c24 سم |
||
| 520 | _aمفاهيم عامة- تطور علم المعلومات- المعالجة الحاسوبية للبيانات- المفاهيم الاساسية لنظم المعلومات- نظام المعلومات الإستراتيجي- نقاط مهمة في تكنولوجيا المعلومات- أمنية تكنولوجيا المعلومات. | ||
| 653 | _aعلم المعلومات | ||
| 942 | _cكتاب | ||
| 999 |
_c45600 _d45600 |
||